La Colosa : (Registro nro. 18764)
[ vista simple ]
| 000 -CABECERA | |
|---|---|
| Campo de control | 01042nam a2200229 a 4500 |
| 005 - FECHA Y HORA DE LA ULTIMA TRANSACCION | |
| Campo de control | 20160601130007.0 |
| 008 - ELEMENTOS DE LONGITUD FIJA—INFORMACION GENERAL | |
| Campo de control | 150529s2014 ck o gr 00010 spa d |
| 020 ## - ISBN | |
| ISBN | 9789588747538 |
| 040 ## - FUENTE DE CATALOGACIÓN | |
| Agencia catalogadora original | CO-BoBLA |
| Agencia transcriptora | CO-BoBLA |
| Agencia Modificadora | CO-BoIAVH |
| 041 0# - IDIOMA | |
| Código de idioma para texto/pista de sonido o título separado | Español |
| 044 ## - PAÍS DE PUBLICACIÓN | |
| País de publicación | Colombia |
| 082 04 - NUMERO DE CLASIFICACION DECIMAL DEWEY | |
| Número de clasificación | 363.7 |
| Número del ítem | C71c |
| 245 03 - MENCION DE TITULO | |
| Título | La Colosa : |
| Parte restante del título | una muerte anunciada : informe alternativo acerca del proyecto de minería de oro de AngloGold Ashanti en Cajamarca, Tolima, Colombia. |
| 260 ## - PUBLICACION, DISTRIBUCION, ETC. (PIE DE IMPRENTA) | |
| Lugar de publicación, distribución, etc. | Ibagué : |
| Nombre del editor, distribuidor, etc. | BM Colombia Solidarity Campaign : |
| -- | Sello Editorial Universidad del Tolima, |
| Fecha de publicación, distribución, etc. | 2014. |
| 300 ## - DESCRIPCION FISICA | |
| Extensión | 174 páginas : |
| Otros detalles físicos | fotografías a color ; |
| Dimensiones | 24 x 17 cm. |
| 610 24 - ASIENTO SECUNDARIO DE MATERIA - NOMBRE CORPORATIVO | |
| Nombre corporativo o nombre de la jurisdicción como elemento de entrad | La Colosa (Mina de Oro) |
| Subdivisión geográfica | Cajamarca (Tolima, Colombia) |
| 9 (RLIN) | 71229 |
| 610 24 - ASIENTO SECUNDARIO DE MATERIA - NOMBRE CORPORATIVO | |
| Nombre corporativo o nombre de la jurisdicción como elemento de entrad | AngloGold Ashanti (Colombia) |
| Subdivisión general | Proyectos mineros. |
| 9 (RLIN) | 71230 |
| 610 24 - ASIENTO SECUNDARIO DE MATERIA - NOMBRE CORPORATIVO | |
| Nombre corporativo o nombre de la jurisdicción como elemento de entrad | La Colosa (Mina de Oro) |
| Subdivisión general | Aspectos ambientales. |
| 9 (RLIN) | 71231 |
| 650 24 - ASIENTO SECUNDARIO DE MATERIA - TERMINO TEMATICO | |
| Término temático o nombre geográfico como elemento de entrada | Minas de oro |
| Subdivisión geográfica | Cajamarca (Tolima, Colombia) |
| 9 (RLIN) | 71232 |
| 650 24 - ASIENTO SECUNDARIO DE MATERIA - TERMINO TEMATICO | |
| Término temático o nombre geográfico como elemento de entrada | Trabajadores mineros |
| Subdivisión general | Aspectos socioeconómicos |
| Subdivisión geográfica | Cajamarca (Tolima, Colombia) |
| 9 (RLIN) | 71233 |
| 942 ## - ELEMENTOS ADICIONALES (KOHA) | |
| Sistema de clasificación | Dewey Decimal Classification |
| Tipo de ítem | Libro |
| Withdrawn status | Lost status | Sistema de Clasificación | Damaged status | No para préstamo | Colección | Inventariado | Ubicación Permanente | Ubicación actual | Fecha de adquisición | Fuente de Valor | Valor | Total Checkouts | Número topográfico | Inventario / Código de Barras | Date last seen | Ejemplar | Price effective from | Forma de adquisición | Tipo de material |
|---|---|---|---|---|---|---|---|---|---|---|---|---|---|---|---|---|---|---|---|
| Dewey Decimal Classification | General | Inventariado 2017 | Bogotá | Bogotá | 01/06/2016 | Instituto | 39000.00 | LB-363.7 C71c | 040417 | 01/06/2016 | Ej. 1 | 01/06/2016 | Donación | Libro |